00870naa a2200145 i 45000010005000000030009000050050017000140080039000310400034000701000145001042450151002496550030004007000125004307730169005559730KOSZ 00520180410094254.0151212s2009 pl n f |100 0pol cBPKdKOSZ 005/EGdKOSZ 005/ac1 aBOCEWICZ, Grzegorz.d2006 - .bPolitechnika Koszalińska - Wydział Elektroniki i Informatyki,cZakład Podstaw Informatyki i Zarządzania10aDecision support tool for resource allocation subject to imprecise data constraints /cGrzegorz Bocewicz, Zbigniew Banaszak, Wojciech Muszyński. 0aMateriały konferencyjne.1 aBANASZAK, Zbigniew.bPolitechnika Koszalińska - Wydział Elektroniki i Informatyki,cKatedra Telekomunikacjid2003 - .0 iW :tProceedings of The 7th IEEE International Conference on Control and Automation (ICCA09). -dChristchurch : IEEE New Zeland South Section, 2009. -gs. 1217-1222